La seconde guerre mondiale

Gespeichert in:
Bibliographische Detailangaben
1. Verfasser: Cartier, Raymond (VerfasserIn)
Format: Buch
Sprache:Französisch
Veröffentlicht: París Larousse 1968
Schlagworte:
Tags: Tag hinzufügen
Keine Tags, Fügen Sie den ersten Tag hinzu!

MARC

LEADER 00000nam a2200000 a 4500
001 UCT3464
003 CL-VaPUC
008 961024e19680000FR |||||||||||||||||fre|d
082 0 4 |a 940.53  |b CAR  |2 21 
100 0 |a Cartier, Raymond  |e author  |9 372403 
245 1 3 |a La seconde guerre mondiale 
300 |a 2 v 
942 |c BK 
945 |d 19961024 00:00:00  |a paguirre 
260 |a París  |b Larousse  |c 1968 
500 |a v.1: 1939 - 1942 
650 0 |a Historia siglo 20  |9 255736 
650 7 |a GUERRA MUNDIAL  |2 CL-VaPUC  |9 346688 
650 7 |a OPERACIONES BELICAS  |2 CL-VaPUC  |9 338010 
650 0 |a Conflicto internacional  |9 341259 
583 |a last modification  |c 20171031 10:59:47  |k Rodrigo Vera 
999 |c 253108  |d 253106 
952 |0 0  |1 0  |4 0  |6 940_530000000000000_CAR_1968  |7 0  |8 X  |9 273616  |a BIBHIS  |b BIBHIS  |d 2019-11-19  |h v.2  |i 1382918  |o 940.53 CAR 1968  |p 1382918  |r 2024-01-30  |w 2019-11-19  |y BK_X  |k HIS